01152nab a22002417a 4500003000400000005001700004008004100021040000700062100002500069245008000094260004200174300001300216500003700229505029700266505008900563650002000652650001100672650002200683650003700705650002200742700003000764773011600794OSt20260201173425.0190506c xxu||||| |||| 00| 0 spa d cPJ aForastiero, Luciano 13aEl instituto de la huelga /cLuciano Forastiero, Natalia Julieta Galdeano.  aBuenos Aires :bAbeledoPerrot,c2023. ap. 20-24 aCita: TR LALEY AR/DOC/2032/2023  aSumario: I. Introducción. Concepto.— II. Clasificación.— III. Titularidad del derecho de huelga.— IV. Legitimidad del ejercicio del derecho de huelga.— V. Efectos de la huelga.— VI. Derecho de huelga en Argentina.— VII. Derecho de huelga en el mundo.— VIII. Bibliografía.  t¿Te interesa el texto completo? Comunicate al correo: koha@justierradelfuego.gov.ar 0aDERECHO LABORAL 0aHUELGA 0aDERECHO DE HUELGA 0aCONFLICTOS COLECTIVOS DE TRABAJO 0aMEDIDAS DE FUERZA aGaldeano, Natalia Julieta0 02751dBuenos Aires : AbeledoPerrot, 2013-tRevista de derecho laboral y seguridad social. Nº 19- Octubre 2023